Recovering women's past : new epistemologies, new ventures /

Bibliographic Details
Corporate Author: JSTOR (Organization)
Other Authors: Genieys-Kirk, Séverine (Editor)
Format: Government Document eBook
Language:English
Published: Lincoln : University of Nebraska Press, [2023]
Series:Women and gender in the early modern world.
Subjects:
Online Access:Connect to the full text of this electronic book

MARC

Tag First Indicator Second Indicator Subfields
LEADER 00000nam a22000001i 4500
001 in00004772213
006 m |o d |
007 cr |n|||||||||
008 230922s2023 nbu ob 001 0 eng d
005 20240212174346.0
035 |a (OCoLC)1398462766 
035 |a (OCoLC)ybp305721262 
040 |a NhCcYBP  |b eng  |e rda  |e pn  |c NhCcYBP 
020 |a 9781496235251 (electronic bk.) 
020 |a 1496235258 (electronic bk.) 
020 |z 9781496231796 
020 |z 1496231791 
050 4 |a HQ1390  |b .R43 2023 
082 0 4 |a 305.409  |2 23/eng/20221027 
084 |a HIS058000  |a SOC028000  |2 bisacsh 
086 |a U5002 T651 .0010 -2023  |2 nbdocs 
245 0 0 |a Recovering women's past :  |b new epistemologies, new ventures /  |c edited by Séverine Genieys-Kirk. 
264 1 |a Lincoln :  |b University of Nebraska Press,  |c [2023] 
300 |a 1 online resource (xiv, 372 pages) :  |b illustrations. 
336 |a text  |b txt  |2 rdacontent 
337 |a computer  |b c  |2 rdamedia 
338 |a online resource  |b cr  |2 rdacarrier 
490 1 |a Women and gender in the early modern world 
504 |a Includes bibliographical references and index. 
588 |a Description based on print version record. 
650 0 |a Women in public life  |x History. 
650 0 |a Women in the professions  |x History. 
650 0 |a Women intellectuals  |x History. 
650 0 |a Women  |x History. 
650 7 |a HISTORY / Women.  |2 bisacsh 
650 7 |a SOCIAL SCIENCE / Women's Studies.  |2 bisacsh 
650 7 |a Women.  |2 fast  |0 (OCoLC)fst01176568 
650 7 |a Women in public life.  |2 fast  |0 (OCoLC)fst01177955 
650 7 |a Women in the professions.  |2 fast  |0 (OCoLC)fst01178044 
650 7 |a Women intellectuals.  |2 fast  |0 (OCoLC)fst01178059 
700 1 |a Genieys-Kirk, Séverine,  |e editor. 
710 2 |a JSTOR (Organization)  |p JSTOR Path To Open. 
776 1 8 |c Original  |z 9781496231796  |z 1496231791  |w (DLC) 2022031529  |w (OCoLC)1325653242 
830 0 |a Women and gender in the early modern world. 
856 4 0 |u http://proxy.library.tamu.edu/login?url=https://www.jstor.org/stable/10.2307/jj.6812462  |z Connect to the full text of this electronic book  |t 0 
955 |a JSTOR Path to Open record 
999 f f |s 3d43bcad-2673-4cbf-8712-a1bbe20c132f  |i 95fb276a-f1cf-4698-8033-53b16f370c5d  |t 0 
952 f f |a Texas A&M University  |b College Station  |c Electronic Resources  |d Available Online  |t 0  |e HQ1390 .R43 2023  |h Library of Congress classification 
998 f f |a HQ1390 .R43 2023  |t 0  |l Available Online